000 01424nam a2200313 i 4500
003 DO-SdBNP
005 20230720082811.0
006 a||||gr|||| 00| 0
007 ta
008 230719n? dr aoc|| |||| 00| 0 spa d
040 _aDO-SdBNP
_bspa
_cBNPHU
_erda
082 4 _222
_bC961a
245 0 0 _a46 aniversario Instituto Agrario Dominicano:
_bpresidente Fernández lleva progreso al campo. /
_ccolaboración, Sofía Mieses; fotos, Jenni Cruz, Danilo Peña, Gueri Guerrero
246 _aCuarenta y seis aniversario Instituto Agrario Dominicano:
_bpresidente Fernández lleva progreso al campo.
264 _a[Santo Domingo] :
_bIAD,
_c[sin fecha]
300 _a51 páginas :
_bIlustraciones, gráficas, fotografías, retratos ;
_c28 cm.
336 _2rdacontent
_atexto
_btxt
337 _2rdamedia
_asin medición
_bn
338 _2rdacarrier
_avolumen
_bnc
500 _aIncluye bibliografía y notas al pié de fotos
505 _aEm el 46 Aniversario AID Entrega Miles de Tarea.--
_tJuan Bosch: Pionero Distribución de Tierras.--
_tPlantación Oleaginosas para Elaborar Bio-Diesel.--
_t¡Adiós!
590 _aInventariado 2023 / MF
700 1 _aMieses, Sofía,
_ecolaboradora
_983800
700 1 _aCruz, Jenni,
_efotos
_983801
700 1 _aPeña, Danilo,
_efotos
_983802
700 1 _aGuerrero, Gueri,
_efotos
_983803
710 1 _aRepública Dominicana
_bInstituto Agrario Dominicano
_965040
942 _2ddc
_cLBS1
999 _c54209
_d54209